|
|
|
|
| LEADER |
00806nam a2200217 a 4500 |
| 001 |
3128550 |
| 008 |
100104s1969 enkcf b 000 0 eng d |
| 010 |
|
|
|a \\\70394876
|
| 020 |
|
|
|a 0192151673
|
| 040 |
|
|
|a DLC
|c DLC
|d DLC
|d BD-DhAAL
|
| 082 |
0 |
0 |
|a 327.549
|2 17
|
| 100 |
1 |
|
|a Bhutto, Zulfikar Ali.
|
| 245 |
1 |
4 |
|a The myth of independence /
|c Zulfikar Ali Bhutto.
|
| 260 |
|
|
|a London ;
|a Lahore etc. :
|b Oxford U.P.,
|c 1969.
|
| 300 |
|
|
|a x, 188 p. :
|b ill., 4 plates, ports. ;
|c 22 cm.
|
| 504 |
|
|
|a Bibliographical footnotes.
|
| 541 |
1 |
|
|e 00001869
|
| 651 |
|
0 |
|a Pakistan
|x Foreign relations.
|
| 852 |
4 |
|
|a Ayesha Abed Library
|j General shelf
|
| 999 |
|
|
|c 6688
|d 6688
|
| 952 |
|
|
|0 0
|1 0
|2 ddc
|4 0
|6 327_549000000000000_BHU_1969
|7 0
|9 6859
|a BRACUL
|b BRACUL
|c GEN
|d 2010-01-05
|g 0.00
|l 0
|o 327.549 BHU
|p 3010001869
|r 2010-01-05
|t 1
|w 2010-01-05
|y BK
|